L'avenue des légendes du Rugby Club Toulonnais - Statistiques

Statistiques générales
  • Ce quiz a été pris 82 fois
  • Le résultat moyen est 3 sur 21
Statistiques - réponses
Indice Réponse % Correct
Anglais Jonny Wilkinson
96%
Néo-Zélandais Sonny Bill Williams
48%
Néo-Zélandais Tana Umaga
33%
Français André Herrero
27%
Français Daniel Herrero
27%
Français Eric Champ
19%
Français Jérôme Gallion
14%
Français Eric Melville
11%
Français Thierry Louvet
10%
Français Arnaldo Gruarin
8%
Français Aubin Hueber
8%
Géorgien Gregori Labadze
7%
Français Félix Mayol
5%
Français Jean-Claude Ballatore
5%
Français Manu Diaz
5%
Français Yann Delaigue
5%
Français Christian Carrere
4%
Français David Jaubert
3%
Français Yvan Roux
3%
Français Marcel Baillette
1%
Français Marcel Bodrero
1%
Aucun quiz correspondant
Distribution des résultats
% des personnes avec chaque résultat
Percentile par nombre de réponses
Votre historique - résultats
Vous n’avez pas pris ce quiz